| 000 | 00750cas a22002657a 4500 | ||
|---|---|---|---|
| 999 |
_c347853 _d347853 |
||
| 001 | 61801 | ||
| 003 | UA-OsUOA | ||
| 005 | 20190927111453.0 | ||
| 007 | ta | ||
| 008 | 200907c n ||un |r|p||00| 0 ukr dukr d | ||
| 040 |
_aUA-OsUOA _bukr _cUA-OsUOA _dUA-OsUOA |
||
| 041 | _aukr | ||
| 044 | _aUA | ||
| 080 | _a82 | ||
| 090 |
_a82 _bН76 |
||
| 099 | _a95491 | ||
| 245 |
_aНовочасна література _cредактор - Рибалко К. |
||
| 246 | _aТексти. Тримісячник | ||
| 260 |
_aК. _bДивослово |
||
| 650 | 7 |
_a82 Література. Літературознавство _2UDC |
|
| 942 |
_cMG _2udc |
||
| 955 | _a3 | ||